日本に就航している韓国の航空会社 - Statistics

General Stats
  • This quiz has been taken 11 times
  • The average score is 7 of 11
Answer Stats
Hint Answer % Correct
大韓民国 大韓航空
90%
アシアナ航空
90%
チェジュ航空
90%
エアソウル
80%
エアプサン
70%
ジンエアー
60%
ティーウェイ航空
60%
エアロK
50%
イースター航空
40%
エアプレミア
40%
パラタ航空
20%
No matching quizzes found
Score Distribution
Percent of People with Each Score
Percentile by Number Answered
Your Score History
You have not taken this quiz